Guess the Composer by Symbols - Statistics

General Stats
  • This quiz has been taken 29 times
  • The average score is 9 of 12
Answer Stats
Hint Answer % Correct
A flute or, more immaturely, feces Mozart
100%
Winter or summer, say Vivaldi
95%
Ears Beethoven
89%
A swan Tchaikovsky
89%
Valkyries Wagner
89%
Weddings Mendelssohn
84%
Fjords Grieg
74%
Neptune or Venus, say Holst
74%
Rivers, specifically a blue one Strauss
74%
The sea or the moon Debussy
63%
America Dvořák
53%
A bird, specifically of the passerine order Williams
11%
No matching quizzes found
Score Distribution
Percent of People with Each Score
Percentile by Number Answered
Your Score History
You have not taken this quiz